Terima kasih derita

Bibliographic Details
Main Author: Emma Zara
Format: Book
Published: Kuala Lumpur : Suara Hati Publication , 2019
Subjects:

MARC

LEADER 00000cam a2200000 7i4500
001 0000083617
005 20190515.0
008 190515
020 |a 9789671675953 
041 0 |a Malay 
090 0 0 |a EMM   |b MAL 
100 0 |a Emma Zara 
245 0 0 |a Terima kasih derita   |c Emma Zara 
260 |a Kuala Lumpur :   |b Suara Hati Publication ,   |c 2019 
300 |a 648p. ;   |c 18.3cm. 
541 0 0 |c Purchased on 2019   |f 2019/0301 PHJ   |h RM27.00 
650 0 |a Malay fiction 
999 |a 0001573237   |b Book   |c Adult Collection   |e Cawangan Bukit Gambir 
999 |a 0001573238   |b Book   |c Adult Collection   |e Cawangan Kota Tinggi 
999 |a 0001573239   |b Book   |c Adult Collection   |e Cawangan Batu Pahat 
999 |a 0001573240   |b Book   |c Adult Collection   |e Cawangan Segamat 
999 |a 0001573241   |b Book   |c Adult Collection   |e Cawangan Bandar Tenggara 
999 |a 0001573242   |b Book   |c Adult Collection   |e Cawangan Taman Universiti 
999 |a 0001573243   |b Book   |c Adult Collection   |e Cawangan Muar 
999 |a 0001573244   |b Book   |c Adult Collection   |e Cawangan Tmn. Ungku Tun Aminah 
999 |a 0001573245   |b Book   |c Adult Collection   |e Cawangan Mersing 
999 |a 0001573246   |b Book   |c Adult Collection   |e Cawangan Sri Merlong 
999 |a 0001573247   |b Book   |c Adult Collection   |e Cawangan Taman Sri Lambak 
999 |a 0001573248   |b Book   |c Adult Collection   |e Cawangan Pontian 
999 |a 0001573249   |b Book   |c Adult Collection   |e Cawangan Tangkak 
999 |a 0001573250   |b Book   |c Adult Collection   |e Cawangan Sri Merlong